Quiz o Titanic - Statystyki

Ogólne statystyki
  • Ten quiz został rozwiązany 95 razy
  • Średni wynik to 5 z 10
Statystyki odpowiedzi
Hint Odpowiedź % Poprawnych
Ile godzin tonął 2
84%
Ile miał wielkich kominów 4
84%
Którego roku zatonął 1912
68%
Czy wrak Titanica został odkryty Tak
68%
W którym roku powstał film TitanicReżyserowany przez Jamesa Camerona 1997
63%
Na jakim oceanie zatonął Atlantyckim
56%
W co uderzył Titanic Górę lodową
51%
Jak nazywa się piosenka z Titanic Wykonana przez Celine Dion My heart will go on
49%
Jaka długość miał Titanic 269m
25%
Którego 14 na 15 kwietnia
0%
Nie znaleziono quizów pasujących do podanych kryteriów
Rozkład punktacji
Procent ludzi z każdym wynikiem
Percentyl według liczby udzielonych odpowiedzi
Twoja historia wyników
Nie rozwiązałeś tego quizu